This is Rhodesia. (Record no. 120381)
[ view plain ]
| 000 -LEADER | |
|---|---|
| fixed length control field | 00675cam a2200229 4500 |
| 001 - CONTROL NUMBER | |
| control field | 319253 |
| 003 - CONTROL NUMBER IDENTIFIER | |
| control field | ARRUPE |
| 005 - DATE AND TIME OF LATEST TRANSACTION | |
| control field | 20140403140341.0 |
| 008 - FIXED-LENGTH DATA ELEMENTS--GENERAL INFORMATION | |
| fixed length control field | 740219s1969 enka 000 0 eng |
| 010 ## - LIBRARY OF CONGRESS CONTROL NUMBER | |
| LC control number | 74151258 |
| 040 ## - CATALOGING SOURCE | |
| Original cataloging agency | DLC |
| Transcribing agency | DLC |
| Modifying agency | DLC |
| 043 ## - GEOGRAPHIC AREA CODE | |
| Geographic area code | f-rh--- |
| 050 00 - LIBRARY OF CONGRESS CALL NUMBER | |
| Classification number | SPC DT962.2 |
| Item number | .B47 |
| 082 00 - DEWEY DECIMAL CLASSIFICATION NUMBER | |
| Classification number | 916.89/1/044 |
| 300 ## - PHYSICAL DESCRIPTION | |
| Other physical details | col. illus. |
| Dimensions | 14 x 19 cm. |
| 100 1# - MAIN ENTRY--PERSONAL NAME | |
| Personal name | Berlyn, Phillippa. |
| 9 (RLIN) | 9772 |
| 245 10 - TITLE STATEMENT | |
| Title | This is Rhodesia. |
| 260 ## - PUBLICATION, DISTRIBUTION, ETC. (IMPRINT) | |
| Place of publication, distribution, etc | Salisbury, |
| Name of publisher, distributor, etc | Designed and produced by The College Press |
| Date of publication, distribution, etc | [foreword 1969] |
| 300 ## - PHYSICAL DESCRIPTION | |
| Extent | 1 v. (unpaged) |
| 651 #0 - SUBJECT ADDED ENTRY--GEOGRAPHIC NAME | |
| Geographic name | Zimbabwe |
| General subdivision | Guidebooks. |
| 9 (RLIN) | 9773 |
| 906 ## - LOCAL DATA ELEMENT F, LDF (RLIN) | |
| a | 7 |
| b | cbc |
| c | orignew |
| d | 4 |
| e | ncip |
| f | 19 |
| g | y-gencatlg |
| 942 ## - ADDED ENTRY ELEMENTS (KOHA) | |
| Source of classification or shelving scheme | Library of Congress Classification |
| Koha item type | Monograph ( Printed materials) |
| Withdrawn status | Lost status | Source of classification or shelving scheme | Damaged status | Not for loan | Collection code | Home library | Current library | Shelving location | Date acquired | Total Checkouts | Full call number | Barcode | Date last seen | Price effective from | Koha item type | Copy number |
|---|---|---|---|---|---|---|---|---|---|---|---|---|---|---|---|---|
| Library of Congress Classification | SPECIAL Collection | ARRUPE LIBRARY | ARRUPE LIBRARY | Main Collection | 03/04/2014 | SPC DT962.2 .B47 | 46500002036 | 03/04/2014 | 03/04/2014 | Monograph ( Printed materials) | ||||||
| Library of Congress Classification | SPECIAL Collection | ARRUPE LIBRARY | ARRUPE LIBRARY | Main Collection | 19/11/2014 | SPC DT962.2 .B47 | 46500001240 | 19/11/2014 | 19/11/2014 | Monograph ( Printed materials) | 2 |